Validez predictiva del MMPI en la población universitaria de la Pontificia Universidad Católica de Chile
Saved in:
| Main Authors: | , |
|---|---|
| Format: | Bog |
| Sprog: | spansk |
| Udgivet: |
Santiago
Pontificia Universidad Católica de Chile
1984
|
| Fag: | |
| Tags: |
Tilføj Tag
Ingen Tags, Vær først til at tagge denne postø!
|
MARC
| LEADER | 00000nam a2200000 a 4500 | ||
|---|---|---|---|
| 001 | UCY5677 | ||
| 003 | CL-VaPUC | ||
| 008 | 950512e19841000CL |||||||||||||||||spa|d | ||
| 082 | 0 | 4 | |a 378.155 |b RIS |2 21 |
| 100 | 0 | |a Rissetti N., Fernando |e author |9 334742 | |
| 700 | 0 | |a Maltés Geraldo, Sergio |e author |9 334743 | |
| 245 | 1 | 0 | |a Validez predictiva del MMPI en la población universitaria de la Pontificia Universidad Católica de Chile |
| 300 | |a 33 p | ||
| 942 | |c BK | ||
| 945 | |d 19950512 00:00:00 |a mfernand | ||
| 260 | |a Santiago |b Pontificia Universidad Católica de Chile |c 1984 | ||
| 650 | 0 | |a Universidades |9 256317 | |
| 650 | 0 | |a Estudiantes universitarios |9 334744 | |
| 650 | 0 | |a Pruebas psicológicas |9 307459 | |
| 650 | 0 | |a Admisión educacional |9 334745 | |
| 650 | 7 | |a SELECCION DE ALUMNOS |2 CL-VaPUC |9 334746 | |
| 650 | 0 | |a Salud mental |9 308393 | |
| 650 | 0 | |a Psicología aplicada |9 270762 | |
| 650 | 7 | |a INVESTIGACION PSICOLOGICA |2 CL-VaPUC |9 309030 | |
| 651 | 7 | |a CHILE |2 CL-VaPUC |9 334747 | |
| 583 | |a last modification |c 19950512 00:00:00 |k Rodrigo Vera | ||
| 999 | |c 233306 |d 233304 | ||
| 952 | |0 0 |1 0 |4 0 |6 378_155000000000000_RIS_1984 |7 0 |8 P |9 238733 |a BIBEDU |b BIBEDU |c BIBEDU_PB |d 2019-11-18 |i 1503979 |o 378.155 RIS 1984 |p 1503979 |r 2019-11-18 |w 2019-11-18 |y BK |k EDU | ||